000 00605nam a2200205Ia 4500
005 20250923145338.0
008 008 250917s9999 xx 000 0 eng d
037 _aTextual
040 _aDSWL
_beng
_cDSWL
041 _aeng
_2eng
084 _aS2:6, N75
_qDSWL
100 _aKureshi, Afzal
_9834311
245 0 _aAdolescent Fantasy: A study of youth motivation
_c by Afzal Kureshi
260 _aCalcutta
_bMinerva Associates Pub. P. Ltd.
_c1975
300 _aviii,136p.
365 _aINR
_b32 . 40
925 _g32 . 40
942 _cTEXL
_hS2:6, N75
999 _c1450264
_d1450264